000 00554nam a2200217 i 4500
001 bg
245 0 0 _aCorporate finance Europe /
_cAdrian Buckley [et al.].
260 _aLondon [etc.] :
_bMcGraw-Hill,
_c1998.
300 _aXIX, 726 s. :
_bwykr. ;
_c25 cm.
504 _aIndeks.
610 2 9 _aUnia Europejska
_xfinanse
650 9 _aFinanse
700 1 _aBUCKLEY, Adrian
020 _a0256203997
040 _cBPK
041 0 _aen
080 _a336(4-67)
920 _a0-256-20399-7
942 _cKS
008 s pl f |000 0 pol
999 _c42222
_d42222
856 _uhttp://koha.tu.koszalin.pl/cgi-bin/koha/opac-detail.pl?biblionumber=42222
_yKatalog online BPK